000 00312nam a22001217a 4500
008 160423b xxu||||| |||| 00| 0 eng d
020 _a9780803614833
020 _a080803614833
041 _aeng
080 _a618.2
245 _aFundamentals of nursing:
_cJudith M. Wilkinson; Karen Van Leuven;
942 _2udc
_cBK
999 _c1549
_d1549